000
00277nam a2200121Ia 4500
008
190216s9999||||xx |||||||||||||| ||und||
100
_a
Deviprasad Varma
245
0
_a
Hindi-Dard Bari Yathra
260
_b
Sahithya Vani
_c
2008
300
_a
138
650
_a
Hindi
942
_c
BK
999
_c
16581
_d
16581